000 00713nam a2200217 4500
001 120493
003 ES-MaACL
005 20260131175748.0
007 t|
008 070214m19111912sp r ||||1| spa d
100 1 _aPoirier, Paul (
_d1853-1907)
_992767
245 1 0 _aTraité d'anatomie humaine /
_cPaul Poirier ; A. Charpy ; Nouvelle edition entierement refondue par A. Nicolas.
250 _aNouvelle edition entierement refondue.
260 _aParis :
_bLa Hure,
_c1911-12.
300 _a5 t. :
_bil. ;
_c26 cm.
500 _aSon 5 tomos en 6 volúmenes.
700 1 _aCharpy, Adrien,
_d1848-1911
_938118
700 1 _aNicolas, A.
_9218710
852 _aES-MaACL
_jC-8612-17
999 _c120493
_d120493